[Event "24. European Club Cup 2008 Femenino"]
[Site "Kallithea GRE"]
[Date "2008.10.18"]
[Round "2.5"]
[White "Klipper, Rebecca"]
[Black "Olarasu, Gabriela"]
[Result "1/2-1/2"]
[WhiteElo "2023"]
[BlackElo "2297"]
[PlyCount "125"]
[EventDate "2008.10.17"]
[EventType "team-tourn"]
[EventRounds "7"]
[EventCountry "GRE"]
[Source "lmi"]
[SourceDate "2008.10.17"]
[WhiteTeam "Vandoeucre"]
[BlackTeam "Rudovci"]

1. d4 d5 2. Nf3 c6 3. e3 Bg4 4. Be2 e6 5. Nbd2 Nd7 6. c3 h6 7. e4 dxe4 8. Nxe4
Ngf6 9. Nxf6+ Nxf6 10. Ne5 Bxe2 11. Qxe2 Bd6 12. f4 O-O 13. O-O Re8 14. g4 Nh7
15. g5 Bxe5 16. Qxe5 f6 17. Qe4 fxg5 18. fxg5 Nxg5 19. Qg6 e5 20. Bxg5 Qxg5+
21. Qxg5 hxg5 22. Rad1 exd4 23. Rxd4 Rad8 24. Rxd8 Rxd8 25. Rf2 Kh7 26. Kg2 Kg6
27. Kg3 Rd5 28. Re2 Rb5 29. Kg4 a5 30. b3 Rc5 31. c4 Rf5 32. Kg3 a4 33. bxa4
Ra5 34. Rb2 Rxa4 35. Rxb7 Rxc4 36. Rc7 Kh5 37. a4 Rc3+ 38. Kg2 Kg4 39. h3+ Rxh3
40. Rxc6 Ra3 41. Rc4+ Kh5 42. Rb4 g4 43. Rb7 Kh4 44. Rb2 Rxa4 45. Rc2 g5 46.
Rb2 g3 47. Rc2 Rf4 48. Rc3 Rf2+ 49. Kg1 Kh3 50. Rc8 Rg2+ 51. Kh1 Ra2 52. Rh8+
Kg4 53. Rb8 g2+ 54. Kg1 Kh4 55. Rb3 g4 56. Rc3 Re2 57. Ra3 Kg5 58. Rg3 Kf4 59.
Rxg2 Re1+ 60. Kh2 Re3 61. Rf2+ Kg5 62. Kg2 Kh4 63. Ra2 1/2-1/2

[Event "24. European Club Cup 2008 Femenino"]
[Site "Kallithea GRE"]
[Date "2008.10.18"]
[Round "2.5"]
[White "Zivkovic, Vesna"]
[Black "Weigel, Marie"]
[Result "1-0"]
[WhiteElo "2122"]
[BlackElo "1865"]
[PlyCount "55"]
[EventDate "2008.10.17"]
[EventType "team-tourn"]
[EventRounds "7"]
[EventCountry "GRE"]
[Source "lmi"]
[SourceDate "2008.10.17"]
[WhiteTeam "Rudovci"]
[BlackTeam "Vandoeucre"]

1. d4 d5 2. Nf3 e6 3. e3 Nf6 4. Bd3 Be7 5. O-O O-O 6. Nbd2 Nbd7 7. b3 b6 8. Bb2
Bb7 9. c4 c5 10. Rc1 Rc8 11. Qe2 Ne4 12. Rfd1 Ndf6 13. Ne5 cxd4 14. exd4 Bb4
15. Nf1 h6 16. f3 Ng5 17. Ng3 Qe7 18. Bb1 Rc7 19. Qd3 Rfc8 20. f4 Ngh7 21. f5
Ba6 22. fxe6 Qxe6 23. Qe3 dxc4 24. Bf5 Nd5 25. Qf2 Qe8 26. Bxc8 Qxc8 27. bxc4
Bxc4 28. Rxc4 1-0

[Event "24. European Club Cup 2008 Femenino"]
[Site "Kallithea GRE"]
[Date "2008.10.18"]
[Round "2.6"]
[White "Ciuksyte, Dagne"]
[Black "Botvinnik, Irina"]
[Result "1-0"]
[WhiteElo "2339"]
[BlackElo "2239"]
[PlyCount "85"]
[EventDate "2008.10.17"]
[EventType "team-tourn"]
[EventRounds "7"]
[EventCountry "GRE"]
[Source "lmi"]
[SourceDate "2008.10.17"]
[WhiteTeam "Panevezys"]
[BlackTeam "Herzliya"]

1. e4 c5 2. Nf3 Nc6 3. d4 cxd4 4. Nxd4 Qb6 5. Nb3 Nf6 6. Nc3 e6 7. Bd3 Be7 8.
O-O d5 9. exd5 exd5 10. Be3 Qc7 11. Qf3 Be6 12. Nb5 Qd7 13. Nc5 Qc8 14. Qg3 O-O
15. Nd6 Bxd6 16. Qxd6 Rd8 17. Qg3 Ne7 18. Bd4 Ng6 19. Bxf6 gxf6 20. Nxe6 Qxe6
21. Rae1 Qb6 22. h4 Kh8 23. h5 Ne5 24. Rxe5 Rg8 25. Qf4 fxe5 26. Qxe5+ Rg7 27.
Re1 Rag8 28. Kf1 Qh6 29. g3 Qc6 30. Qd4 f6 31. h6 Rf7 32. Kg1 b6 33. Re3 Rg5
34. Qf4 Qd7 35. Bf5 Qd8 36. Rc3 Qe7 37. Rc6 b5 38. Re6 Qf8 39. Qe3 Qxh6 40.
Re8+ Kg7 41. Be6 Rf8 42. Rxf8 Kxf8 43. Qc5+ 1-0

[Event "24. European Club Cup 2008 Femenino"]
[Site "Kallithea GRE"]
[Date "2008.10.18"]
[Round "2.6"]
[White "Len, Irina"]
[Black "Daulyte, Deimante"]
[Result "0-1"]
[WhiteElo "2091"]
[BlackElo "2278"]
[PlyCount "96"]
[EventDate "2008.10.17"]
[EventType "team-tourn"]
[EventRounds "7"]
[EventCountry "GRE"]
[Source "lmi"]
[SourceDate "2008.10.17"]
[WhiteTeam "Herzliya"]
[BlackTeam "Panevezys"]

1. f4 e5 2. fxe5 d6 3. exd6 Bxd6 4. Nf3 g5 5. g3 Nc6 6. Nc3 g4 7. Nh4 Nge7 8.
Ne4 Be5 9. c3 f5 10. Nf2 f4 11. gxf4 Bxf4 12. e4 Ng6 13. Nxg6 hxg6 14. d4 Bxc1
15. Rxc1 Qh4 16. Qd3 Rf8 17. Qg3 Qg5 18. Rd1 Rf3 19. Qg2 Qe3+ 20. Be2 Bd7 21.
Rd3 Qc1+ 22. Nd1 Rf4 23. h3 O-O-O 24. hxg4 Re8 25. Bf3 Qb1 26. Re3 Qxa2 27. Qg3
g5 28. Rh5 Qa5 29. d5 Ne5 30. Rxg5 Nxf3+ 31. Rxf3 Rfxe4+ 32. Re3 Rxe3+ 33. Nxe3
Qa1+ 34. Kd2 Qxb2+ 35. Nc2 Ba4 36. Re5 Qxc2+ 37. Ke1 Qd1+ 38. Kf2 Qd2+ 39. Kg1
Qc1+ 40. Kg2 Qc2+ 41. Kf1 Rxe5 42. Qxe5 Qd1+ 43. Kf2 Qxg4 44. c4 b6 45. Qh8+
Kb7 46. Qc3 Qe4 47. Kg1 Qb1+ 48. Kf2 Qc2+ 0-1

[Event "24. European Club Cup 2008 Femenino"]
[Site "Kallithea GRE"]
[Date "2008.10.18"]
[Round "2.6"]
[White "Makka, Ioulia"]
[Black "Lian, Marina"]
[Result "1-0"]
[WhiteElo "2220"]
[BlackElo "1869"]
[PlyCount "61"]
[EventDate "2008.10.17"]
[EventType "team-tourn"]
[EventRounds "7"]
[EventCountry "GRE"]
[Source "lmi"]
[SourceDate "2008.10.17"]
[WhiteTeam "Panevezys"]
[BlackTeam "Herzliya"]

1. e4 e6 2. Qe2 c5 3. Nf3 Nc6 4. c3 g6 5. g3 Bg7 6. Bg2 Nge7 7. d3 d6 8. O-O
O-O 9. Na3 Rb8 10. Nc2 b5 11. d4 b4 12. dxc5 bxc3 13. bxc3 dxc5 14. Qe3 Qa5 15.
Bd2 Rb2 16. Rfc1 Rd8 17. Bf1 Qa4 18. Nce1 c4 19. Qf4 e5 20. Qe3 h6 21. Be2 Rxa2
22. Rxa2 Qxa2 23. Rc2 Qb3 24. Qc5 Be6 25. Be3 a5 26. Nd2 Qa4 27. Nxc4 Bxc4 28.
Qxc4 Qa1 29. Rc1 Qb2 30. Bf1 Ra8 31. Nd3 1-0

[Event "24. European Club Cup 2008 Femenino"]
[Site "Kallithea GRE"]
[Date "2008.10.18"]
[Round "2.7"]
[White "Pitam, Ella"]
[Black "Petrenko, Svetlana"]
[Result "1-0"]
[WhiteElo "2295"]
[BlackElo "2285"]
[PlyCount "267"]
[EventDate "2008.10.17"]
[EventType "team-tourn"]
[EventRounds "7"]
[EventCountry "GRE"]
[Source "lmi"]
[SourceDate "2008.10.17"]
[WhiteTeam "Haifa"]
[BlackTeam "Gross-Lehna"]

1. c4 e6 2. d4 d5 3. Nc3 c6 4. e3 f5 5. Nf3 Nf6 6. Bd3 Be7 7. O-O O-O 8. b3 Ne4
9. Ne2 Nd7 10. Bb2 g5 11. cxd5 exd5 12. Ne5 Qe8 13. f3 Nd6 14. Qc2 Nf6 15. Rae1
Be6 16. a4 a5 17. Qd2 Nh5 18. Ng3 Ng7 19. Bb1 Qd8 20. Nd3 h5 21. Qc2 h4 22. Ne2
Qc7 23. Ne5 Rf6 24. Nc1 Raf8 25. Ncd3 Rh6 26. Nf2 Nf7 27. Nxf7 Rxf7 28. Nd3 Bd6
29. Ne5 Rf8 30. Qc1 Qb6 31. Ba3 Bb4 32. Bxb4 Qxb4 33. Qb2 Qd6 34. Qc3 Ra8 35.
Rc1 Rf6 36. Qd2 Rff8 37. f4 g4 38. Ng6 Rf6 39. Nxh4 Rh6 40. g3 Kf7 41. Bd3 Bd7
42. Rf2 b6 43. Qc2 Kf6 44. Qc3 Rah8 45. Rb1 Qa3 46. Qb2 Qe7 47. Qd2 Re8 48. Re2
Qa3 49. Bc2 Rhh8 50. Kf2 Qd6 51. Qc3 Qa3 52. Qd3 Ra8 53. Qd2 b5 54. Ree1 Qd6
55. Ra1 b4 56. Bd3 Ne8 57. Qc2 Rh5 58. Rac1 Qe6 59. Qc5 Nd6 60. Qc2 Rah8 61.
Re2 Qe7 62. Ke1 Kf7 63. Kd2 Ra8 64. Rh1 Kf6 65. h3 Rg8 66. Qd1 Ne4+ 67. Bxe4
Qxe4 68. Reh2 Rxh4 69. gxh4 g3 70. Re2 Be8 71. Qc1 g2 72. Rg1 Qf3 73. Qc5 Qxh3
74. Qd6+ Kf7 75. Qc7+ Ke6 76. Qc8+ Ke7 77. Qc7+ Ke6 78. Qxa5 Qh2 79. Ree1 Qxh4
80. Qxb4 Qf2+ 81. Kd3 Bh5 82. Qd2 Qf3 83. Kc3 Qh3 84. Kb2 Bf3 85. a5 Qh7 86.
Qc3 Kd7 87. Rc1 Rc8 88. a6 Kd8 89. Qc5 Qe7 90. Qxe7+ Kxe7 91. a7 Kd6 92. Ra1
Ra8 93. Kc3 Kc7 94. Ra2 Kb6 95. Rgxg2 Bxg2 96. Rxg2 Rxa7 97. Rg5 Rf7 98. Kb4
Rf8 99. Rh5 Rf7 100. Rh8 Rf6 101. Kc3 Rf7 102. Kd3 Kc7 103. Ke2 Kd6 104. Rh6+
Kc7 105. Kf3 Kb6 106. Rh8 Kc7 107. Re8 Kd6 108. Kg3 Rg7+ 109. Kh4 Rg4+ 110. Kh5
Rg1 111. Re5 Rb1 112. Kh4 Rxb3 113. Kg5 c5 114. dxc5+ Kxc5 115. Kxf5 Kd6 116.
Kf6 Rb1 117. f5 Re1 118. Re6+ Kd7 119. Kf7 Rh1 120. Re7+ Kd6 121. f6 Rh7+ 122.
Kf8 Rh8+ 123. Kg7 Rh3 124. Re8 Rg3+ 125. Kf8 Rg6 126. f7 Rg3 127. Rd8+ Ke6 128.
Re8+ Kd7 129. e4 dxe4 130. Rxe4 Rf3 131. Rd4+ Ke6 132. Re4+ Kf5 133. Ra4 Ke6
134. Ke8 1-0

[Event "24. European Club Cup 2008 Femenino"]
[Site "Kallithea GRE"]
[Date "2008.10.18"]
[Round "2.7"]
[White "Karlovich, Anastazia"]
[Black "Igla, Bella"]
[Result "1-0"]
[WhiteElo "2256"]
[BlackElo "2254"]
[PlyCount "81"]
[EventDate "2008.10.17"]
[EventType "team-tourn"]
[EventRounds "7"]
[EventCountry "GRE"]
[Source "lmi"]
[SourceDate "2008.10.17"]
[WhiteTeam "Gross-Lehna"]
[BlackTeam "Haifa"]

1. e4 c5 2. Nf3 d6 3. Bc4 Nf6 4. e5 dxe5 5. Nxe5 e6 6. Qe2 Bd6 7. b3 a6 8. a4
Qc7 9. Bb2 O-O 10. O-O b6 11. f4 Be7 12. Na3 Ra7 13. Bd3 g6 14. Rae1 Ne8 15.
Rf3 Bf6 16. Rh3 Bg7 17. Bc3 Nf6 18. Qf2 Qd8 19. a5 b5 20. Qxc5 Rc7 21. Qf2 Nd5
22. Bd4 f6 23. Qh4 h6 24. Nxg6 e5 25. fxe5 Bxh3 26. Nxf8 Bxf8 27. exf6 Rf7 28.
Qxh3 Nxf6 29. Bb2 Nc6 30. Bg6 Re7 31. Rf1 Bg7 32. Bxf6 Bxf6 33. Qxh6 Rg7 34.
Bh7+ Kf7 35. Qh5+ Ke7 36. Qc5+ Kd7 37. Bf5+ Kc7 38. Qb6+ Kd6 39. Qxa6 Bd4+ 40.
Kh1 Qg5 41. Be4 1-0

[Event "24. European Club Cup 2008 Femenino"]
[Site "Kallithea GRE"]
[Date "2008.10.18"]
[Round "2.7"]
[White "Nagel, Verena"]
[Black "Porat, Maya"]
[Result "0-1"]
[WhiteElo "2052"]
[BlackElo "2167"]
[PlyCount "98"]
[EventDate "2008.10.17"]
[EventType "team-tourn"]
[EventRounds "7"]
[EventCountry "GRE"]
[Source "lmi"]
[SourceDate "2008.10.17"]
[WhiteTeam "Gross-Lehna"]
[BlackTeam "Haifa"]

1. d4 Nf6 2. Nf3 g6 3. e3 Bg7 4. c4 c5 5. Nc3 O-O 6. Be2 cxd4 7. exd4 d5 8. O-O
a6 9. a3 dxc4 10. Bxc4 b5 11. Ba2 Bb7 12. h3 Nbd7 13. Be3 Nb6 14. Ne5 Nfd5 15.
Nd3 Qc7 16. Nc5 Bc6 17. Qe2 e5 18. Nxd5 Nxd5 19. dxe5 Qxe5 20. Nd3 Qe4 21. Bxd5
Bxd5 22. f3 Qe7 23. Qf2 Bc4 24. Rfd1 Rfd8 25. Nb4 Rxd1+ 26. Rxd1 Bxb2 27. Bc5
Qf6 28. Qe3 Qf5 29. Nxa6 Qc8 30. Qe7 Kg7 31. Nc7 Bf6 32. Qd6 Rb8 33. Re1 Qg8
34. f4 Rd8 35. Qb6 h5 36. Kh1 h4 37. Qb7 Kh6 38. Qb6 Bc3 39. Re7 Rd1+ 40. Kh2
Qd8 41. f5 Bd4 42. fxg6 Bg1+ 43. Bxg1 Qxe7 44. gxf7+ Kh7 45. Qc5 Qxc5 46. Bxc5
Bxf7 47. Nxb5 Rd5 48. Nd6 Rxc5 49. Nxf7 Rd5 0-1

[Event "24. European Club Cup 2008 Femenino"]
[Site "Kallithea GRE"]
[Date "2008.10.18"]
[Round "2.8"]
[White "Fischer, Julie"]
[Black "Vujic-Katanic, Branka"]
[Result "0-1"]
[WhiteElo "1664"]
[BlackElo "2107"]
[PlyCount "82"]
[EventDate "2008.10.17"]
[EventType "team-tourn"]
[EventRounds "7"]
[EventCountry "GRE"]
[Source "lmi"]
[SourceDate "2008.10.17"]
[WhiteTeam "Bischwiller"]
[BlackTeam "Rudar"]

1. e4 c6 2. d4 g6 3. Be3 Bg7 4. Nc3 d5 5. e5 h5 6. Bd3 Nh6 7. Nf3 Bf5 8. Bxh6
Rxh6 9. Bxf5 gxf5 10. Qd3 e6 11. O-O-O a6 12. h4 Nd7 13. Ng5 Qe7 14. Qg3 c5 15.
f4 cxd4 16. Rxd4 O-O-O 17. Qe3 Kb8 18. a4 Rc8 19. b4 f6 20. exf6 Bxf6 21. Rd3
Rxc3 22. Rxc3 d4 23. Qxe6 dxc3 24. Qb3 Qe3+ 25. Kb1 Qxf4 26. Nf3 Nb6 27. Qg8+
Ka7 28. Qf8 Nd7 29. Qe8 Qxb4+ 30. Kc1 Qb2+ 31. Kd1 Qb1+ 32. Ke2 Qxc2+ 33. Kf1
Qd3+ 34. Kf2 Bd4+ 35. Nxd4 Qxd4+ 36. Qe3 Qxe3+ 37. Kxe3 Nc5 38. Kf4 Rg6 39. Rg1
c2 40. Kxf5 Rg4 41. g3 Nb3 0-1

[Event "24. European Club Cup 2008 Femenino"]
[Site "Kallithea GRE"]
[Date "2008.10.18"]
[Round "2.9"]
[White "Papadopoulou, Vera"]
[Black "Grapsa, Georgia"]
[Result "1-0"]
[WhiteElo "2196"]
[BlackElo "2121"]
[PlyCount "81"]
[EventDate "2008.10.17"]
[EventType "team-tourn"]
[EventRounds "7"]
[EventCountry "GRE"]
[Source "lmi"]
[SourceDate "2008.10.17"]
[WhiteTeam "Aspropirgos"]
[BlackTeam "Galaxias"]

1. d4 d5 2. c4 e6 3. Nc3 Nf6 4. cxd5 exd5 5. Bg5 Be7 6. e3 O-O 7. Bd3 h6 8. Bf4
Bd6 9. Nge2 Re8 10. Qc2 Nc6 11. Bxd6 Qxd6 12. a3 a6 13. h3 Bd7 14. O-O b5 15.
b4 Rab8 16. Nc1 a5 17. Nxb5 Qe7 18. Qc5 axb4 19. Nxc7 Qxc5 20. dxc5 Rec8 21.
Na6 Ra8 22. Nb3 bxa3 23. Rxa3 Ne5 24. Be2 Nc4 25. Raa1 Bb5 26. Nb4 Ba4 27. Rfb1
Bxb3 28. Rxa8 Rxa8 29. Rxb3 Ne4 30. c6 Ncd2 31. Rb2 Ra1+ 32. Kh2 Nxf2 33. c7
Rh1+ 34. Kg3 Nfe4+ 35. Kf4 Rc1 36. Rc2 Rxc2 37. Nxc2 Nd6 38. Ke5 Nc8 39. Ba6
Nb6 40. Kd6 Ndc4+ 41. Kc6 1-0

[Event "24. European Club Cup 2008 Femenino"]
[Site "Kallithea GRE"]
[Date "2008.10.18"]
[Round "2.9"]
[White "Paganoglou, Anastasia"]
[Black "Cherenkova, Kristina"]
[Result "0-1"]
[WhiteElo "1953"]
[BlackElo "2245"]
[PlyCount "76"]
[EventDate "2008.10.17"]
[EventType "team-tourn"]
[EventRounds "7"]
[EventCountry "GRE"]
[Source "lmi"]
[SourceDate "2008.10.17"]
[WhiteTeam "Galaxias"]
[BlackTeam "Aspropirgos"]

1. e4 c5 2. Nf3 e6 3. c4 Nc6 4. Nc3 a6 5. Be2 Qc7 6. O-O Nf6 7. d4 cxd4 8. Nxd4
Be7 9. Be3 d6 10. f3 O-O 11. Qd2 Rd8 12. Rac1 Qb8 13. Na4 Nd7 14. Rfd1 Nxd4 15.
Bxd4 b5 16. Nc3 bxc4 17. Bxc4 Bb7 18. Qf2 Rc8 19. b3 Bc6 20. Qe2 Qb7 21. Qf2
Bb5 22. Bf1 Ne5 23. Qg3 Bxf1 24. Rxf1 Bf6 25. f4 Nf3+ 26. Qxf3 Bxd4+ 27. Kh1
Rxc3 28. Rxc3 Bxc3 29. Qxc3 Qxe4 30. Rc1 h6 31. Qd2 d5 32. h3 d4 33. Rc4 Rd8
34. b4 f5 35. a4 Qe3 36. Rc2 Qb3 37. a5 d3 38. Rb2 Qxb2 0-1

[Event "24. European Club Cup 2008 Femenino"]
[Site "Kallithea GRE"]
[Date "2008.10.18"]
[Round "2.9"]
[White "Fakhretdinova, Margarita"]
[Black "Papathanasiou, Ageliki"]
[Result "1/2-1/2"]
[WhiteElo "2147"]
[BlackElo "1866"]
[PlyCount "112"]
[EventDate "2008.10.17"]
[EventType "team-tourn"]
[EventRounds "7"]
[EventCountry "GRE"]
[Source "lmi"]
[SourceDate "2008.10.17"]
[WhiteTeam "Aspropirgos"]
[BlackTeam "Galaxias"]

1. e4 c5 2. Nc3 Nc6 3. g3 g6 4. Bg2 Bg7 5. f4 d6 6. Nf3 e6 7. O-O Nge7 8. d3
O-O 9. Be3 b6 10. d4 Bb7 11. Rf2 Na5 12. dxc5 dxc5 13. Rd2 Qc8 14. Ne5 Nec6 15.
Nxc6 Bxc6 16. Qe2 Bxc3 17. bxc3 Qc7 18. Rf1 a6 19. c4 Rfd8 20. g4 Rxd2 21. Bxd2
b5 22. Bc3 Nxc4 23. Qf2 Qe7 24. g5 e5 25. fxe5 b4 26. Ba1 Rd8 27. Qf4 Na3 28.
e6 Qxe6 29. Bh3 Qe8 30. Qf6 Rd4 31. Bxd4 cxd4 32. Rf2 Bxe4 33. Qxd4 Nxc2 34.
Qd2 Qc6 35. Qf4 Qb7 36. Re2 Qb6+ 37. Qf2 Qxf2+ 38. Kxf2 Bd3 39. Rd2 Be4 40. Bg2
Bxg2 41. Kxg2 Ne3+ 42. Kf3 Nf5 43. Rd8+ Kg7 44. Ra8 Nd4+ 45. Kg4 b3 46. axb3
Nxb3 47. Rxa6 Nd4 48. Ra7 Nf5 49. Ra5 h6 50. h4 hxg5 51. hxg5 Nd4 52. Kf4 Ne6+
53. Ke4 Kf8 54. Ra8+ Kg7 55. Ra5 Kf8 56. Ra8+ Kg7 1/2-1/2

[Event "24. European Club Cup 2008 Femenino"]
[Site "Kallithea GRE"]
[Date "2008.10.18"]
[Round "2.9"]
[White "Haritopoulou, Maria-Anna"]
[Black "Iordanidou, Zoi"]
[Result "1/2-1/2"]
[WhiteElo "1688"]
[BlackElo "2110"]
[PlyCount "120"]
[EventDate "2008.10.17"]
[EventType "team-tourn"]
[EventRounds "7"]
[EventCountry "GRE"]
[Source "lmi"]
[SourceDate "2008.10.17"]
[WhiteTeam "Galaxias"]
[BlackTeam "Aspropirgos"]

1. d4 Nf6 2. c4 e6 3. Nf3 b6 4. Bf4 Bb7 5. e3 Be7 6. h3 O-O 7. Be2 d6 8. O-O
Nbd7 9. Nc3 Re8 10. Qc2 Bf8 11. Rad1 Qc8 12. b4 e5 13. Bh2 exd4 14. exd4 Be4
15. Nxe4 Nxe4 16. Bd3 f5 17. Rfe1 Ndf6 18. Nd2 Qb7 19. Bxe4 fxe4 20. d5 Qc8 21.
Nxe4 Qf5 22. Nxf6+ Qxf6 23. Qd2 g6 24. Bg3 Qf5 25. Re2 Re4 26. Rxe4 Qxe4 27.
Qd3 Re8 28. a3 Qxd3 29. Rxd3 Re1+ 30. Kh2 Rc1 31. Rd4 Rc3 32. a4 Ra3 33. b5
Rxa4 34. Re4 a5 35. bxa6 Rxa6 36. Bh4 Ra4 37. f3 Rb4 38. Kh1 b5 39. cxb5 Rxb5
40. Rd4 h6 41. Kg1 Rc5 42. Bg3 Bg7 43. Rd1 Kf7 44. Kf1 Ke7 45. Ke2 Kd7 46. Bf4
Rc2+ 47. Rd2 Rxd2+ 48. Kxd2 c6 49. dxc6+ Kxc6 50. Kd3 g5 51. Bh2 Kd5 52. Bg3
Be5 53. Bf2 Ke6 54. Be1 Kf5 55. Bf2 h5 56. Be1 d5 57. Bf2 h4 58. Be1 Bg3 59.
Bd2 Bf2 60. Bc1 Bc5 1/2-1/2

[Event "24. European Club Cup 2008 Femenino"]
[Site "Kallithea GRE"]
[Date "2008.10.19"]
[Round "3.1"]
[White "Zhao, Xue"]
[Black "Foisor, Cristina Adela"]
[Result "1/2-1/2"]
[WhiteElo "2518"]
[BlackElo "2365"]
[PlyCount "103"]
[EventDate "2008.10.17"]
[EventType "team-tourn"]
[EventRounds "7"]
[EventCountry "GRE"]
[Source "lmi"]
[SourceDate "2008.10.17"]
[WhiteTeam "Vidnoe"]
[BlackTeam "Rudovci"]

1. d4 d5 2. c4 c6 3. Nf3 Nf6 4. e3 a6 5. Bd3 g6 6. O-O Bg7 7. Nc3 O-O 8. Qb3
Ra7 9. cxd5 cxd5 10. Ne5 Be6 11. Bd2 Ne4 12. Nxe4 dxe4 13. Bc4 Bxe5 14. Bxe6
Bxh2+ 15. Kh1 Bc7 16. Bh3 Nc6 17. Rac1 e6 18. g3 Qd5 19. Qxd5 exd5 20. Bd7 Ba5
21. Bxa5 Nxa5 22. Rc7 Rfa8 23. Rfc1 Nc4 24. b3 Nd6 25. a4 a5 26. Bh3 b5 27.
axb5 Rxc7 28. Rxc7 Nxb5 29. Rc5 Na3 30. Bd7 Nb1 31. Bc6 Rc8 32. Bxd5 Rxc5 33.
dxc5 Nc3 34. Bc4 Kf8 35. c6 Ke7 36. Bxf7 Kd6 37. Kg2 Kxc6 38. Kf1 Kc5 39. Ke1
Kb4 40. Kd2 g5 41. g4 Nb5 42. Kc2 Nd6 43. Bg8 h6 44. Bd5 Kc5 45. Ba8 Kb4 46.
Kb2 Kc5 47. Kc3 Nb5+ 48. Kc2 Nd6 49. Kb2 Kb4 50. Kc2 Kc5 51. Kc1 Kb5 52. Kc2
1/2-1/2

[Event "24. European Club Cup 2008 Femenino"]
[Site "Kallithea GRE"]
[Date "2008.10.19"]
[Round "3.1"]
[White "Olarasu, Gabriela"]
[Black "Kosintseva, Tatiana"]
[Result "0-1"]
[WhiteElo "2297"]
[BlackElo "2513"]
[PlyCount "114"]
[EventDate "2008.10.17"]
[EventType "team-tourn"]
[EventRounds "7"]
[EventCountry "GRE"]
[Source "lmi"]
[SourceDate "2008.10.17"]
[WhiteTeam "Rudovci"]
[BlackTeam "Vidnoe"]

1. d4 Nf6 2. c4 e6 3. Nc3 Bb4 4. Qc2 O-O 5. a3 Bxc3+ 6. Qxc3 d6 7. Bg5 Nbd7 8.
e3 b6 9. Bd3 Bb7 10. f3 c5 11. Ne2 Rc8 12. b4 cxd4 13. exd4 Ba6 14. Qb3 d5 15.
cxd5 Bxd3 16. Qxd3 exd5 17. O-O h6 18. Bf4 Re8 19. Ng3 Nf8 20. Rfe1 Rxe1+ 21.
Rxe1 Ne6 22. Be5 Nd7 23. Ne2 Rc4 24. Bf4 b5 25. Be3 Nb8 26. Rd1 Nc6 27. Qf5 Ne7
28. Qd3 Qc7 29. g3 a6 30. Kf2 Qd7 31. Nc1 Qc6 32. Ne2 Nc8 33. Rd2 Nd6 34. Kg2
Qc8 35. Rd1 Rc6 36. Qb3 Nc4 37. Bc1 Ng5 38. Nf4 Nb6 39. Bd2 Rc2 40. h4 Ne6 41.
Nxe6 fxe6 42. Kg1 Qc7 43. f4 Qc6 44. Qd3 Nd7 45. Qe3 Nf6 46. Rc1 Rc4 47. Rxc4
bxc4 48. f5 exf5 49. Qe5 Ne4 50. Bc1 c3 51. Qxf5 Nxg3 52. Qe5 Ne4 53. h5 Qd7
54. Kh2 Qg4 55. Qxd5+ Kh7 56. Qe5 Nd2 57. Kh1 Nf3 0-1

[Event "24. European Club Cup 2008 Femenino"]
[Site "Kallithea GRE"]
[Date "2008.10.19"]
[Round "3.1"]
[White "Kosintseva, Nadezhda"]
[Black "Zivkovic, Vesna"]
[Result "1-0"]
[WhiteElo "2468"]
[BlackElo "2122"]
[PlyCount "57"]
[EventDate "2008.10.17"]
[EventType "team-tourn"]
[EventRounds "7"]
[EventCountry "GRE"]
[Source "lmi"]
[SourceDate "2008.10.17"]
[WhiteTeam "Vidnoe"]
[BlackTeam "Rudovci"]

1. e4 c5 2. Nf3 d6 3. d4 cxd4 4. Nxd4 Nf6 5. Nc3 a6 6. Bg5 e6 7. f4 Nbd7 8. Qe2
h6 9. Bh4 Be7 10. O-O-O Qc7 11. g4 b5 12. a3 Bb7 13. Rg1 Rc8 14. Be1 Nb6 15. h4
d5 16. e5 Ne4 17. Nxe4 dxe4 18. Ba5 Bc5 19. Rg3 Bd5 20. Nb3 Bxb3 21. Rxb3 e3
22. Rc3 Qb8 23. b4 Be7 24. Rxc8+ Nxc8 25. Qxe3 O-O 26. g5 hxg5 27. hxg5 Na7 28.
Bd3 Rc8 29. Rh1 1-0

[Event "24. European Club Cup 2008 Femenino"]
[Site "Kallithea GRE"]
[Date "2008.10.19"]
[Round "3.2"]
[White "Koneru, Humpy"]
[Black "Korbut, Ekaterina"]
[Result "1/2-1/2"]
[WhiteElo "2618"]
[BlackElo "2459"]
[PlyCount "103"]
[EventDate "2008.10.17"]
[EventType "team-tourn"]
[EventRounds "7"]
[EventCountry "GRE"]
[Source "lmi"]
[SourceDate "2008.10.17"]
[WhiteTeam "CEMC"]
[BlackTeam "Finek"]

1. d4 d5 2. c4 dxc4 3. Nf3 Nf6 4. e3 a6 5. Bxc4 e6 6. O-O c5 7. Bd3 Nc6 8. a3
cxd4 9. exd4 Be7 10. Nc3 O-O 11. Re1 b5 12. Bc2 b4 13. Ne4 bxa3 14. bxa3 Bb7
15. Rb1 Na5 16. Nxf6+ Bxf6 17. Ne5 Rc8 18. Bd2 Ba8 19. Re3 g6 20. Bxa5 Qxa5 21.
Nd7 Kg7 22. Nxf8 Rxf8 23. Qe1 Qc7 24. Be4 Bxd4 25. Rf3 e5 26. g3 Qa7 27. Bxa8
Qxa8 28. Rfb3 Qd5 29. Qe2 Rc8 30. Rd3 Rc4 31. Rd2 Qc6 32. Qd1 a5 33. Qf1 Rc3
34. Qg2 Qxg2+ 35. Kxg2 Rxa3 36. Rc2 Ra4 37. Rb5 g5 38. g4 h5 39. h3 h4 40. Rd5
Kf6 41. Rd6+ Ke7 42. Ra6 Kd7 43. Rf6 Ke7 44. Rf5 f6 45. Rc6 e4 46. Rd5 Rb4 47.
Rcd6 Bb6 48. Rd7+ Ke6 49. R5d6+ Ke5 50. Rd5+ Ke6 51. R5d6+ Ke5 52. Rd5+ 1/2-1/2

[Event "24. European Club Cup 2008 Femenino"]
[Site "Kallithea GRE"]
[Date "2008.10.19"]
[Round "3.2"]
[White "Cmilyte, Viktorija"]
[Black "Cramling, Pia"]
[Result "1/2-1/2"]
[WhiteElo "2512"]
[BlackElo "2550"]
[PlyCount "101"]
[EventDate "2008.10.17"]
[EventType "team-tourn"]
[EventRounds "7"]
[EventCountry "GRE"]
[Source "lmi"]
[SourceDate "2008.10.17"]
[WhiteTeam "Finek"]
[BlackTeam "CEMC"]

1. d4 d5 2. c4 e6 3. Nc3 Bb4 4. Nf3 dxc4 5. Qa4+ Nc6 6. a3 Bxc3+ 7. bxc3 Qd5 8.
Bf4 Nf6 9. g3 O-O 10. Bg2 b5 11. Qc2 Bb7 12. O-O Na5 13. Be5 Qc6 14. Bxf6 gxf6
15. Nh4 Qb6 16. Be4 f5 17. Bxb7 Nxb7 18. e4 fxe4 19. Qxe4 Nd6 20. Qf4 Ne8 21.
Rae1 Ng7 22. Qf6 c6 23. f4 Qd8 24. Qh6 f5 25. Nf3 Qf6 26. Qh3 Rfd8 27. Ne5 Rac8
28. Qg2 Rd5 29. a4 a6 30. Ra1 c5 31. axb5 axb5 32. dxc5 Rdxc5 33. Ra7 Rd5 34.
Rfa1 Qd8 35. Qf3 b4 36. Rb7 Ra8 37. Rxa8 Qxa8 38. Rxb4 Ne8 39. Rxc4 Qa1+ 40.
Kg2 Qa2+ 41. Kh3 Rd2 42. Qh1 Nd6 43. Rd4 Ne4 44. Rxd2 Qxd2 45. Qf3 Nf2+ 46. Kg2
Ng4+ 47. Kg1 Qe1+ 48. Kg2 Qd2+ 49. Kg1 Qe1+ 50. Kg2 Qd2+ 51. Kg1 1/2-1/2

[Event "24. European Club Cup 2008 Femenino"]
[Site "Kallithea GRE"]
[Date "2008.10.19"]
[Round "3.2"]
[White "Dzagnidze, Nana"]
[Black "Zhukova, Natalia"]
[Result "1-0"]
[WhiteElo "2503"]
[BlackElo "2488"]
[PlyCount "143"]
[EventDate "2008.10.17"]
[EventType "team-tourn"]
[EventRounds "7"]
[EventCountry "GRE"]
[Source "lmi"]
[SourceDate "2008.10.17"]
[WhiteTeam "CEMC"]
[BlackTeam "Finek"]

1. d4 d5 2. Bf4 Nf6 3. e3 g6 4. Nf3 Bg7 5. Be2 c5 6. dxc5 Nc6 7. Nc3 O-O 8. O-O
Ne4 9. Nxd5 Bxb2 10. c4 Nxc5 11. Bh6 Bg7 12. Bxg7 Kxg7 13. Nd4 e5 14. Nb3 Qd6
15. Qc1 Nxb3 16. axb3 Be6 17. Rd1 Bxd5 18. Rxd5 Qe7 19. Qc3 Rfd8 20. Rad1 Kg8
21. h3 a5 22. Bg4 h5 23. Bd7 Nb4 24. Rxe5 Qf8 25. Re4 Na6 26. Red4 Qb4 27. Qxb4
axb4 28. Ba4 Rdc8 29. Bd7 Rc7 30. Ra1 Rb8 31. Bb5 Nc5 32. Rd6 Kf8 33. f3 Ke7
34. Rd5 b6 35. Kf2 Rbb7 36. Ra8 Nxb3 37. Ra4 Ra7 38. Rxb4 Ra2+ 39. Ke1 Na1 40.
Kf1 Nc2 41. Rb3 Na3 42. Rd4 Nxb5 43. Rxb5 Rc2 44. Kg1 R7xc4 45. Rxc4 Rxc4 46.
Rxb6 Rc2 47. h4 Re2 48. e4 Ra2 49. Kh2 Rc2 50. Kg3 Ra2 51. Rb5 Kf6 52. Rg5 Re2
53. Kf4 Ra2 54. g3 Ra6 55. Rb5 Rc6 56. g4 hxg4 57. Kxg4 Rc1 58. h5 gxh5+ 59.
Rxh5 Ra1 60. Rb5 Ra6 61. f4 Rc6 62. Rb7 Ra6 63. e5+ Ke6 64. Kg5 Ra1 65. f5+
Kxe5 66. Re7+ Kd6 67. Rxf7 Rf1 68. Ra7 Ke5 69. Re7+ Kd6 70. f6 Rg1+ 71. Kh6 Rg2
72. Re1 1-0